000
00314nam a2200133Ia 4500
005
20251222144748.0
008
251222s9999||||xx |||||||||||||| ||spa||
082
_a
242.2/Q82
100
_a
Quoist, Michel
245
0
_a
Oraciones para Rezar por la Calle
250
_a
25a.ed.
264
_b
SÃgueme
942
_c
LIB
999
_c
19222
_d
19222